| 000 | 00550nam a2200193Ia 4500 | ||
|---|---|---|---|
| 005 | 20250508153758.0 | ||
| 008 | 008 250505s9999 xx 000 0 eng d | ||
| 037 | _aTextual | ||
| 040 |
_aFEDL _beng _cFEDL |
||
| 041 |
_aeng _2eng |
||
| 084 |
_a420.7, LAI _qFEDL |
||
| 100 |
_aLaing Mary E _9764399 |
||
| 245 | 0 | _aReading: A manual for teachers | |
| 260 |
_aBoston, USA _bD C Heath and Company _c1903 |
||
| 300 | _avi,167p | ||
| 490 | _aHeath's pedagogical library; 37 | ||
| 942 |
_cTEXL _h420.7, LAI |
||
| 999 |
_c1345445 _d1345445 |
||